000 00643nam a2200217Ia 4500
003 GCL
008 140319s9999 xx 000 0 ara d
040 _aGCL /
_cGCL
082 0 4 _a684.082
_bف ف
100 1 _aفتحى محمد صالح
245 1 0 _aفنون النجارة الحديثة للهواة والمحترفين /
_cفتحى محمد صالح
260 _a[S.N] :
_bمكتبة ابن سيناء
300 _a208 ص
490 _a
650 0 4 _aالتجارة
650 0 4 _aالابواب
650 0 4 _aالاخشاب
650 0 4 _aالحرف اليدوية
650 0 4 _aالات قطع الخشب
942 _2ddc
_cBK
999 _c59006
_d59006